Potosi,bolivia 1545.(fotocopia) /

Guardado en:
Formato: Libro
Publicado: : , 0
Materias:
Fc
Etiquetas: Agregar Etiqueta
Sin Etiquetas, Sea el primero en etiquetar este registro!
LEADER 00340nam a22001335a 4500
001 CEM.cems008220
005 20060214000000.0
008 130507b######################000#0#####d
003 CEMS
082 0 4 |a F709 
245 0 0 |a Potosi,bolivia 1545.(fotocopia) / 
260 |a  :  |b , 0 
653 |a Fc 
859 |a CEMS  |b BIB. CEMS - 11 de abril  |h F709  |i 5-6  |p 742.44  |t Ej.1